[Event "Open A"]
[Site "Balatonlelle HUN"]
[Date "2006.06.21"]
[Round "5"]
[White "Sax,G"]
[Black "Martini,B"]
[Result "1-0"]
[WhiteElo "2535"]
[BlackElo "2276"]

1.e4 c5 2.Nf3 Nc6 3.Nc3 e5 4.Bc4 Be7 5.d3 Nf6 6.O-O d6 7.Ng5 O-O 8.f4 exf4
9.Bxf4 Ne5 10.Bxe5 dxe5 11.Qe1 h6 12.Nf3 Nh5 13.Kh1 Bd6 14.Nh4 Nf4 15.Qf2 Be6
16.Nf5 Kh7 17.g3 Ng6 18.Qf3 Ne7 19.Qg4 g6 20.Bxe6 fxe6 21.Nh4 Rxf1+ 22.Rxf1 Qg8
23.Rf6 Rf8 24.Qxe6  1-0

[Event "20th Open"]
[Site "Pula CRO"]
[Date "2006.06.21"]
[Round "4"]
[White "Klimov,A"]
[Black "Frank,P"]
[Result "1-0"]
[WhiteElo "2383"]
[BlackElo "2132"]

1.e4 c5 2.Nc3 Nc6 3.Bb5 e6 4.Bxc6 bxc6 5.d3 d5 6.f4 Nf6 7.e5 Ng8 8.Nf3 Nh6
9.O-O Be7 10.b3 O-O 11.Na4 c4 12.dxc4 Ba6 13.Be3 Nf5 14.Bf2 Qa5 15.g4 Nh6
16.Nd4 Rac8 17.g5 Nf5 18.Nxf5 exf5 19.Bxa7 dxc4 20.Bb6 Qb5 21.Qd7 Bb4 22.a3 Ba5
23.Bxa5 Qxa5 24.Rfd1 cxb3 25.cxb3 Be2 26.Rd6 Bf3 27.e6 fxe6 28.Qxe6+ Kh8
29.Qe3 Bd5 30.Rd7 Rf7 31.Nc5 Rxd7 32.Nxd7 Qc7 33.Ne5 c5 34.Rd1 Qb7 35.Qh3 Bxb3
36.Rd7 Qb6 37.Qc3 c4+ 38.Kf1 Qe6 39.Nf7+ Kg8 40.Nh6+ Kf8 41.Qxg7+ Ke8 42.Rf7  1-0

[Event "20th Open"]
[Site "Pula CRO"]
[Date "2006.06.21"]
[Round "5"]
[White "Markosian,D"]
[Black "Wegerer,F"]
[Result "1-0"]
[WhiteElo "2397"]
[BlackElo "2271"]

1.e4 c5 2.Nf3 Nc6 3.Nc3 a6 4.g3 b5 5.Bg2 b4 6.Ne2 e5 7.O-O Nf6 8.c3 d6 9.d4 Be7
10.d5 Nb8 11.c4 Nbd7 12.Ne1 h5 13.Nd3 Nh7 14.f4 Bf6 15.Qa4 O-O 16.Qc2 Qe7
17.a3 bxa3 18.Rxa3 Rb8 19.Bd2 exf4 20.gxf4 g5 21.Ng3 Bd4+ 22.Kh1 Ndf6 23.fxg5 Ng4
24.Nf5 Bxf5 25.Rxf5 f6 26.h3 Nxg5 27.Qd1 Nxh3 28.Bxh3 Qxe4+ 29.Qf3 Qxf3+
30.Rxf3 Bxb2 31.Rxa6 Rb3 32.Ne1 Rxf3 33.Nxf3 Rd8 34.Rb6 Ba1 35.Bf4 Be5 36.Bxe5 Nxe5
37.Nxe5 fxe5 38.Rb7 Ra8 39.Be6+ Kf8 40.Rf7+ Ke8 41.Rh7 Ra1+ 42.Kg2 Rc1 43.Bd7+ Kd8
44.Bb5 Rc3 45.Rxh5 Kc7 46.Rh7+ Kb6 47.Rd7 Re3 48.Kf2 Re4 49.Rxd6+ Ka5 50.Ra6+ Kb4
51.d6 Rd4 52.d7  1-0

[Event "Open A"]
[Site "Voronezh RUS"]
[Date "2006.06.21"]
[Round "9"]
[White "Kruchev,B"]
[Black "Sedenko,A"]
[Result "1-0"]
[WhiteElo "2328"]
[BlackElo "2137"]

1.e4 c5 2.Nf3 Nc6 3.Nc3 g6 4.d4 cxd4 5.Nxd4 Bg7 6.Be3 Nf6 7.Nxc6 dxc6 8.Qxd8+ Kxd8
9.O-O-O+ Nd7 10.Ne2 Kc7 11.f4 Nb6 12.Nd4 Bh6 13.Re1 Rd8 14.Nf3 f6 15.Bd3 Bg4
16.Nd2 Be6 17.h4 Bg4 18.Rhf1 Rd7 19.Nf3 Rad8 20.Nh2 Be6 21.b3 f5 22.e5 Nd5
23.Bd2 b5 24.g3 Kb6 25.Rf2 a5 26.Nf1 Nb4 27.Be3+ c5 28.Be2 Nxa2+ 29.Kb2 Nb4
30.h5 Bg7 31.hxg6 hxg6 32.Rh2 Bg8 33.Bf3 Bd5 34.Nd2 e6 35.c3 Na6 36.c4 Bc6
37.cxb5 Bxb5 38.Nc4+ Bxc4 39.bxc4 Nb4 40.Ra1 Nd3+ 41.Kc2  1-0

[Event "Open A"]
[Site "Balatonlelle HUN"]
[Date "2006.06.22"]
[Round "6"]
[White "Czebe,A"]
[Black "Horvath,Ad1"]
[Result "1-0"]
[WhiteElo "2505"]
[BlackElo "2532"]

1.e4 c5 2.Nf3 Nc6 3.Nc3 e6 4.Bb5 Nge7 5.O-O Ng6 6.Re1 Be7 7.Bf1 O-O 8.d4 cxd4
9.Nxd4 Qc7 10.Be3 a6 11.Qd2 Nce5 12.h3 b5 13.a4 b4 14.Na2 Bb7 15.Nxb4 Nc4
16.Bxc4 Qxc4 17.c3 Bxe4 18.Bg5 Bxg5 19.Qxg5 f5 20.f3 Bb7 21.h4 a5 22.Nbc2 Qc7
23.Rad1 Rad8 24.Ne3 Rf6 25.Nb5 Qb8 26.Nc4 h6 27.Qe3 Nxh4 28.Ne5 d6 29.Qd4 Bd5
30.Nxd6 Nxg2 31.Re2 Nh4 32.Nb5 Rg6+ 33.Kf1 Nxf3 34.Nxf3 Qg3 35.Qf2 Qh3+ 36.Ke1 Qg4
37.Rd4  1-0

[Event "20th Open"]
[Site "Pula CRO"]
[Date "2006.06.22"]
[Round "6"]
[White "Klimov,A"]
[Black "Ekeberg,C"]
[Result "1/2-1/2"]
[WhiteElo "2383"]
[BlackElo "2272"]

1.e4 c5 2.Nc3 Nc6 3.Bb5 Nd4 4.Nf3 a6 5.Bc4 Nf6 6.e5 d5 7.Bb3 Nxb3 8.axb3 Nd7
9.d4 e6 10.O-O h6 11.dxc5 Bxc5 12.Be3 Be7 13.Qd2 b6 14.Ne2 Bb7 15.Ng3 Qc7
16.Nh5 g6 17.Ng3 Bf8 18.Bd4 Bg7 19.Qe3 O-O 20.c3 Rae8 21.Rfe1 Kh7 22.b4 Ra8
23.Ne2 Bc6 24.Nf4 Bb5 25.h4 a5 26.bxa5 bxa5 27.Nh3 Bc4 28.b4 axb4 29.cxb4 Rfb8
30.Rxa8 Rxa8 31.Ra1 Rxa1+ 32.Bxa1 Kg8  1/2-1/2

[Event "20th Open"]
[Site "Pula CRO"]
[Date "2006.06.23"]
[Round "7"]
[White "Petrik,T"]
[Black "Saric,Iv"]
[Result "1-0"]
[WhiteElo "2515"]
[BlackElo "2393"]

1.e4 c5 2.Nf3 Nc6 3.Nc3 e5 4.Bc4 d6 5.d3 Be7 6.Nd2 Nf6 7.Nf1 Bg4 8.f3 Be6
9.Ne3 O-O 10.O-O Rb8 11.a3 Nd4 12.Ba2 b5 13.Bd2 b4 14.Ncd5 b3 15.cxb3 Bxd5
16.exd5 Qb6 17.Nc4 Qb7 18.b4 cxb4 19.Bxb4 Nxd5 20.Bxd6 Bxd6 21.Nxd6 Qxb2
22.Rf2 Ne2+ 23.Rxe2 Qb6+ 24.Kh1 Qxd6 25.Bxd5 Qxd5 26.Rb1 h6 27.h3 Rxb1 28.Qxb1 Rd8
29.Rd2 a5 30.Qb6 Rc8 31.Kh2 Rc3 32.a4 Rb3 33.Qc7 g6 34.Re2 Qd4 35.Qxe5 Qxd3
36.Qe8+ Kg7 37.Qe5+ Kg8 38.Re4 Qd8 39.Rd4 Qb8 40.Qxb8+ Rxb8 41.Rd5 Ra8 42.Kg3 Kg7
43.Kf4 Kf6 44.Ke4 h5 45.g4 hxg4 46.hxg4 Ra6 47.Kd4 Ra8 48.Kc4 Re8 49.Kd4 Ra8
50.f4 Ra7 51.Kc4 Re7 52.g5+ Kg7 53.Kb5 Re4 54.f5 gxf5 55.Rxf5 Kg6 56.Rd5 f6
57.gxf6 Kxf6 58.Kxa5 Ke6 59.Rd1 Re2 60.Kb5 Rb2+ 61.Kc4 Rc2+ 62.Kb3 Rc6 63.a5 Rd6
64.Ra1 Kd7 65.a6 Rb6+ 66.Kc4 Rb8 67.a7 Ra8 68.Kb5 Kc7 69.Ka6 Rh8 70.Rc1+ Kd7
71.Kb7 Rh2  1-0

[Event "II Perla Baltyku"]
[Site "Mielno POL"]
[Date "2006.06.25"]
[Round "6"]
[White "Kulon,K"]
[Black "Gajdzica,M"]
[Result "1/2-1/2"]
[WhiteElo "2077"]
[BlackElo "2034"]

1.e4 c5 2.Nf3 Nc6 3.Nc3 e5 4.Bc4 Be7 5.d3 Nf6 6.h3 O-O 7.O-O d6 8.a4 Be6
9.Nd5 Bxd5 10.exd5 Nd4 11.c3 Nxf3+ 12.Qxf3 Nd7 13.a5 a6 14.b4 cxb4 15.cxb4 Bg5
16.Ra2 f5 17.Rc2 Rc8 18.Bxg5 Qxg5 19.Rfc1 e4 20.dxe4 Ne5 21.Qe2 fxe4 22.Kh1 Rxc4
23.Rxc4 Nxc4 24.Rxc4 Qxd5 25.Qxe4 Qxe4 26.Rxe4 Rxf2 27.Re7 Rf7 28.Re8+ Rf8  1/2-1/2

[Event "20th Open"]
[Site "Pula CRO"]
[Date "2006.06.25"]
[Round "9"]
[White "Biti,O"]
[Black "Schacht,H"]
[Result "1-0"]
[WhiteElo "2347"]
[BlackElo "2282"]

1.e4 c5 2.Nc3 Nc6 3.Bb5 Nd4 4.Bc4 g6 5.Nf3 Bg7 6.Nxd4 cxd4 7.Qf3 Nh6 8.Ne2 O-O
9.d3 e5 10.Qg3 d6 11.h4 Ng4 12.h5 Qf6 13.h6 Bh8 14.Rh4 Qe7 15.Rxg4 Bxg4 16.Qxg4 a6
17.f4 Bf6 18.Bd2 Kh8 19.Kf2 Qc7 20.Bb3 Bd8 21.Ng3 f6 22.Kg1 Qe7 23.Rf1 b5
24.f5 g5 25.Nh5 Ra7 26.Ng7 Rb7 27.Ne6 Re8 28.Bd5 Ra7 29.Nxg5 fxg5 30.f6  1-0

[Event "NYC Mayor's Cup"]
[Site "New York USA"]
[Date "2006.06.26"]
[Round "7"]
[White "Ibragimov,I"]
[Black "Polgar,Z"]
[Result "0-1"]
[WhiteElo "2637"]
[BlackElo "2577"]

1.e4 c5 2.Nc3 Nc6 3.Bb5 g6 4.Bxc6 dxc6 5.d3 Bg7 6.Be3 b6 7.Qd2 Ba6 8.Nge2 c4
9.d4 Nf6 10.Bh6 Bxh6 11.Qxh6 Qd7 12.f3 O-O-O 13.O-O-O Bb7 14.Qf4 Rhf8 15.g4 Qc7
16.Qxc7+ Kxc7 17.Ng3 Nd7 18.Kd2 f6 19.Ke3 e6 20.Nge2 b5 21.a3 a5 22.h4 Kb6
23.g5 Rde8 24.h5 e5 25.hxg6 hxg6 26.d5 b4 27.dxc6 Bxc6 28.Nd5+ Kc5 29.Rh6 fxg5
30.Rxg6 Rg8 31.Rxg8 Rxg8 32.Ne7 Re8 33.Nf5 bxa3 34.bxa3 Rb8 35.Nc3 Rh8 36.Rg1 Rh2
37.Ne2 c3 38.Rxg5 Nb6 39.Nfg3 Nc4+ 40.Kd3 Rf2 41.Rf5 Bd7 42.Rf6 Bb5 43.Kxc3 Nxa3
44.Rf5 Bxe2 45.Rxe5+ Kb6 46.Re6+ Kc7 47.Nxe2 Rxe2 48.Ra6 Re3+ 49.Kd4 Nxc2+
50.Ke5 Nb4 51.Ra8 Rxf3 52.Kd4 Nc6+  0-1

[Event "NYC Mayor's Cup"]
[Site "New York USA"]
[Date "2006.06.26"]
[Round "10"]
[White "Stripunsky,A"]
[Black "Polgar,Z"]
[Result "0-1"]
[WhiteElo "2569"]
[BlackElo "2577"]

1.e4 c5 2.Nc3 Nc6 3.Bb5 d6 4.Bxc6+ bxc6 5.Nge2 g6 6.d3 Bg7 7.O-O e6 8.Be3 Ne7
9.Qd2 O-O 10.Bh6 e5 11.Bxg7 Kxg7 12.Kh1 Be6 13.b3 Qd7 14.f4 f6 15.Rf3 Rf7
16.Raf1 Raf8 17.Qe3 Qc8 18.h3 Kh8 19.g4 Kg8 20.Ng3 exf4 21.Rxf4 Qd7 22.R4f2 Kg7
23.Nce2 Qc7 24.Kg2 Bc8 25.Nf4 Kg8 26.Rf3 Qa5 27.a4 Qc3 28.R1f2 Qd4 29.Qd2 Qe5
30.Nfe2 Kg7 31.Nc3 Qg5 32.Qxg5 fxg5 33.Rxf7+ Rxf7 34.Rxf7+ Kxf7 35.Nce2 Ke6
36.Ng1 h6 37.Nf3 Ng8 38.Kf2 Nf6 39.Ke3 d5 40.c3 a5 41.Ne2 dxe4 42.dxe4 Nd7
43.Nc1 c4 44.b4 c5 45.bxa5 Nb8 46.Ne2 Nc6 47.Ned4+ cxd4+ 48.cxd4 Kd6 49.d5 Ne5
50.Nd4 Kc5 51.Nb5 h5 52.Nc7 hxg4 53.hxg4 Nxg4+ 54.Kd2 Ne5 55.a6 Kb6 56.d6 g4
57.Ke3 g3 58.a5+ Ka7 59.Ke2 Bd7 60.Ke3 c3  0-1

[Event "II Open"]
[Site "Sort ESP"]
[Date "2006.06.26"]
[Round "1"]
[White "Colovic,A"]
[Black "Pla Andreu,A"]
[Result "1-0"]
[WhiteElo "2459"]
[BlackElo "2021"]

1.e4 c5 2.Nc3 Nc6 3.Nge2 Nf6 4.d4 cxd4 5.Nxd4 e5 6.Ndb5 d6 7.Bg5 a6 8.Na3 b5
9.Nd5 Be7 10.Bxf6 Bxf6 11.c3 O-O 12.Nc2 Be7 13.a4 Rb8 14.axb5 axb5 15.Be2 Re8
16.O-O Bf8 17.b4 f5 18.exf5 Bxf5 19.Nce3 Bd7 20.Bg4 Qc8 21.Bh5 Rd8 22.Bf3 Ne7
23.Ra7 Nxd5 24.Bxd5+ Be6 25.Qb3 Re8 26.Rfa1 Kh8 27.Bxe6 Qxe6 28.Qxe6 Rxe6
29.Ra8 Ree8 30.Rxb8 Rxb8 31.Nd5 Rb7 32.Ra8 Kg8 33.f3 Kf7 34.Kf2 Ke6 35.Ne3 Be7
36.Ke2 h6 37.Ra6 Bf6 38.Kd3 Bg5 39.Nc2 Bd8 40.Na3 h5 41.Ra8 Bc7 42.Rh8 d5
43.Rxh5 Bd6 44.h4 Be7 45.Rh7 Kf7 46.Rh8 Bf6 47.Rc8 Bxh4 48.Rc5 Ke6 49.Rxb5 Rxb5
50.Nxb5 Kd7 51.c4 Be1 52.cxd5 Bxb4 53.Ke4 Bd6 54.Nxd6 Kxd6 55.g3  1-0

[Event "White Nights Open"]
[Site "St Petersburg RUS"]
[Date "2006.06.26"]
[Round "4"]
[White "Kurilov,Vi"]
[Black "Akatova,E"]
[Result "1/2-1/2"]
[WhiteElo "2329"]
[BlackElo "2159"]

1.e4 c5 2.Nc3 Nc6 3.Bb5 g6 4.Nf3 Bg7 5.O-O e5 6.d3 Nge7 7.Bg5 h6 8.Bh4 O-O
9.Bc4 Kh7 10.Nd5 f6 11.c3 Nxd5 12.Bxd5 Ne7 13.Qb3 d6 14.Be6 g5 15.Bg3 h5
16.h3 Ng6 17.Rad1 Qe8 18.Bxc8 Qxc8 19.Qd5 g4 20.Nh4 Nxh4 21.Bxh4 gxh3 22.g3 Qd7
23.d4 cxd4 24.cxd4 Qa4 25.Qe6 f5 26.exf5 Qe8 27.dxe5 Qc6 28.Qd5 Qxd5 29.Rxd5 Rxf5
30.Rxd6 Rxe5 31.Rd7 Rb5 32.Bf6 Rg8 33.Re1 Kg6 34.Bxg7 Rxg7 35.Rxg7+ Kxg7
36.Re2 Kf6 37.Kh2 Rc5 38.Kxh3 Rc1 39.Kg2 Ra1 40.a3 Rb1 41.Kf3 Kf5 42.Rd2 Ke5
43.Ke3 Re1+ 44.Re2 Rb1 45.Kd3+ Kf5 46.Kc3 Rc1+ 47.Kb4 Rc7 48.Re8 Rf7 49.Kc5 Kg4
50.Rg8+ Kf3 51.Rg5 Kxf2 52.Rxh5 Kxg3 53.Kd6 Kf4 54.Ra5 b6 55.Ra4+ Ke3 56.Kc6 Kd3
57.Kb5 Kc2 58.Rb4 a5 59.Rc4+  1/2-1/2

[Event "ch-CHN w"]
[Site "Wuxi CHN"]
[Date "2006.06.26"]
[Round "2"]
[White "Wang Yu A"]
[Black "Kuang Yinghui"]
[Result "1/2-1/2"]
[WhiteElo "2390"]
[BlackElo "2303"]

1.e4 c5 2.Nc3 Nc6 3.Bb5 Nf6 4.Bxc6 dxc6 5.d3 e5 6.Nge2 Be6 7.f4 exf4 8.Nxf4 Bg4
9.Qd2 Bd6 10.Qf2 Qc7 11.Be3 O-O-O 12.h3 Bd7 13.O-O-O Be5 14.Nfe2 b6 15.g4 Be6
16.Bf4 Kb7 17.Bxe5 Qxe5 18.Qf4 Nd7 19.Qxe5 Nxe5 20.Nf4 Rd7 21.b3 Re8 22.Nce2 f6
23.Ng3 b5 24.Rhf1 Kb6 25.Kb2 Bf7 26.Nf5 Bg6 27.Kc3 a5 28.a4 Ka6 29.Ra1 Rh8
30.Ne6 Bxf5 31.gxf5 Kb6 32.h4 b4+ 33.Kb2 g6 34.Rae1 Rd6 35.h5 g5 36.Rd1 Re8
37.Kc1 Nf7 38.Kd2 Nd8 39.Nxd8 Rdxd8 40.Ke3 Re7 41.Rc1 Rg8 42.Kf3 h6 43.Rf2 Rd8
44.Rd2 Rd4  1/2-1/2

[Event "Suduroy International"]
[Site "Vagur AUT"]
[Date "2006.06.27"]
[Round "5"]
[White "Ptacnikova,L"]
[Black "Nilssen,J"]
[Result "1/2-1/2"]
[WhiteElo "2183"]
[BlackElo "2356"]

1.e4 c5 2.Nc3 Nc6 3.Bb5 Nd4 4.Bc4 e6 5.Nf3 Nf6 6.O-O d6 7.d3 Be7 8.Nxd4 cxd4
9.Ne2 Qb6 10.c3 dxc3 11.Nxc3 O-O 12.Qe2 a6 13.Be3 Qd8 14.d4 b5 15.Bd3 b4
16.Na4 Bb7 17.f3 Bc6 18.b3 Bxa4 19.bxa4 Qa5 20.Bc2 Rfc8 21.Bb3 d5 22.Bf2 Rc3
23.Be1 Rc6 24.Bh4 Qd8 25.exd5 exd5 26.Rfe1 Re6 27.Qd3 Qb6 28.Rxe6 fxe6 29.Re1 a5
30.Qe3 Kf7 31.Kh1 Rc8 32.Qe2 Rc6 33.Bxf6 Bxf6 34.Bxd5 Rd6 35.Bb3 Bxd4 36.f4 g6
37.Qe4 Bc3 38.Rf1 Kg7 39.Qa8 Rd8 40.Qe4 Rd6 41.Qa8 Rd8 42.Qe4  1/2-1/2

[Event "II Perla Baltyku"]
[Site "Mielno POL"]
[Date "2006.06.28"]
[Round "9"]
[White "Majdan,J"]
[Black "Kanarek,M"]
[Result "1-0"]
[WhiteElo "2297"]
[BlackElo "2130"]

1.e4 c5 2.Nc3 Nc6 3.Nf3 a6 4.d4 cxd4 5.Nxd4 e6 6.Be3 Qc7 7.Bd3 Nf6 8.O-O Ne5
9.h3 b5 10.f4 Nc4 11.Bxc4 Qxc4 12.e5 Nd5 13.Nxd5 Qxd5 14.a4 Bb7 15.Qe2 Bc5
16.Rad1 Qe4 17.Qf2 O-O 18.Nf5 exf5 19.Bxc5 Rfc8 20.b4 bxa4 21.Rd4 Qc6 22.Rd6 Qc7
23.Rfd1 Bc6 24.R1d3 Bb5 25.Rg3 g6 26.c3 a5 27.Qa2 Kg7 28.Rf6 d6 29.exd6 Qd7
30.Qd5 axb4 31.Qe5 Kg8 32.Bd4 Re8 33.Re6 f6 34.Qxf6  1-0

[Event "56th ch-RUS w Top League"]
[Site "Orel RUS"]
[Date "2006.06.29"]
[Round "1"]
[White "Avdeenko,T"]
[Black "Hasanova,E"]
[Result "0-1"]
[WhiteElo "2191"]
[BlackElo "2340"]

1.e4 c5 2.Nc3 Nc6 3.Bb5 e5 4.Nf3 d6 5.O-O Nf6 6.d3 Be7 7.Bg5 O-O 8.h3 Be6
9.Bxf6 Bxf6 10.Nd5 Bxd5 11.exd5 Nd4 12.Nxd4 exd4 13.a4 a6 14.Bc4 Re8 15.Qg4 Re5
16.Rfe1 h5 17.Qf3 Qe7 18.Re4 Re8 19.Rae1 g6 20.a5 Kg7 21.Bb3 Qc7 22.Qg3 Rxe4
23.dxe4 c4 24.Ba4 Qxa5 25.Bxe8 Qxe1+ 26.Kh2 Qxe4  0-1

[Event "DS IM"]
[Site "Brno CZE"]
[Date "2006.06.30"]
[Round "1"]
[White "Rada Equiza,M"]
[Black "Vavra,P1"]
[Result "1-0"]
[WhiteElo "2242"]
[BlackElo "2311"]

1.e4 c5 2.Nf3 Nc6 3.Nc3 Nf6 4.d4 cxd4 5.Nxd4 Qb6 6.Be3 Qxb2 7.Ndb5 Qb4 8.Bd2 Nxe4
9.a3 Nxc3 10.axb4 Nxd1 11.Nc7+ Kd8 12.Nxa8 Nxf2 13.Kxf2 e6 14.c3 b6 15.Bb5 Bb7
16.Bxc6 Bxc6 17.Rxa7 b5 18.Bf4 f6 19.Rd1  1-0

[Event "Open"]
[Site "Marseille FRA"]
[Date "2006.06.30"]
[Round "1"]
[White "Landa,K"]
[Black "Sandu,Mi"]
[Result "1-0"]
[WhiteElo "2600"]
[BlackElo "2213"]

1.e4 c5 2.Nc3 Nc6 3.Nf3 g6 4.d4 cxd4 5.Nxd4 Bg7 6.Be3 d6 7.Qd2 Nf6 8.f3 h5
9.O-O-O Bd7 10.Kb1 a6 11.Nd5 Nxd5 12.exd5 Ne5 13.h3 Qc7 14.b3 g5 15.Bxg5 Qc5
16.Be3 Qa3 17.f4 Ng6 18.Be2 Rc8 19.g4 Rc5 20.c4 b5 21.Nf5 Bxf5+ 22.gxf5 Nxf4
23.Bxc5 dxc5 24.d6 exd6 25.Rhf1 bxc4 26.Bxc4  1-0

[Event "WGM"]
[Site "Marseille FRA"]
[Date "2006.07.01"]
[Round "2"]
[White "Bismuth,S"]
[Black "Benmesbah,N"]
[Result "0-1"]
[WhiteElo "1960"]
[BlackElo "2137"]

1.e4 c5 2.Nc3 Nc6 3.Bb5 Nd4 4.Bc4 e6 5.d3 a6 6.a4 Ne7 7.Nge2 Nec6 8.f4 Qh4+
9.Ng3 Nb4 10.Bb3 c4 11.dxc4 Bc5 12.Ne2 Nxb3 13.cxb3 O-O 14.Nc3 d5 15.Na2 dxe4
16.Nxb4 Bxb4+ 17.Kf1 Rd8 18.Qe2 e5 19.f5 g6 20.Nxe4 Bxf5 21.Nf2 Rd7 22.g3 Qf6
23.Be3 Bd3  0-1

[Event "56th ch-RUS w Top League"]
[Site "Orel RUS"]
[Date "2006.07.01"]
[Round "3"]
[White "Korbut,E"]
[Black "Shumiakina,T"]
[Result "1/2-1/2"]
[WhiteElo "2442"]
[BlackElo "2341"]

1.e4 c5 2.Nf3 Nc6 3.Nc3 e5 4.Bc4 d6 5.d3 Be7 6.O-O Nf6 7.Ng5 O-O 8.f4 Bg4
9.Qe1 exf4 10.Bxf4 Nd4 11.Qd2 h6 12.Nf3 Nxf3+ 13.gxf3 Bh3 14.Rf2 Kh7 15.Kh1 Nh5
16.Rg1 Bh4 17.Bg3 Bf6 18.Ne2 Be6 19.Bxe6 fxe6 20.Rfg2 e5 21.f4 exf4 22.Bxf4 Qd7
23.Be3 Be5 24.c3 Rf3 25.d4 cxd4 26.cxd4 Bf6 27.Rg4 Rf8 28.Nc3 Rf1 29.Rxf1 Qxg4
30.Qg2 Qxg2+ 31.Kxg2 Re8 32.Rf5 g6 33.Rf3 a6 34.Kf1 Bg7 35.Ke2 Nf6 36.Kd3 g5
37.Bf2 Kg6 38.Bg3 Rd8 39.Nd1 h5 40.Rf1 h4 41.Be1 Re8 42.Nf2 Rf8 43.Rg1 Nh5
44.Ke3 Nf4 45.Bc3 Kh5 46.a4 b5 47.axb5 axb5 48.Ra1 Ng2+ 49.Ke2 b4 50.Bxb4 Bxd4
51.Nd3 Nf4+ 52.Nxf4+ Rxf4 53.Bxd6 Rxe4+ 54.Kd3 Bxb2 55.Kxe4 Bxa1 56.Kf3  1/2-1/2

[Event "34th World Open"]
[Site "Philadelphia USA"]
[Date "2006.07.01"]
[Round "4"]
[White "Critelli,J"]
[Black "Fedorowicz,J"]
[Result "1/2-1/2"]
[WhiteElo "2170"]
[BlackElo "2497"]

1.e4 c5 2.Nc3 Nc6 3.Bb5 Nd4 4.Bc4 d6 5.Nge2 Nf6 6.d3 g6 7.Nxd4 cxd4 8.Ne2 Qb6
9.O-O Bg7 10.c3 dxc3 11.Nxc3 O-O 12.h3 Be6 13.Bxe6 fxe6 14.Rb1 Kh8 15.Be3 Qd8
16.d4 Qd7 17.Qd2 b5 18.b4 Rfc8 19.f3 Rc4 20.Rfc1 Rac8 21.Ne2 a6 22.Rxc4 Rxc4
23.Rc1 Qc8 24.Kf2  1/2-1/2

[Event "WGM"]
[Site "Marseille FRA"]
[Date "2006.07.02"]
[Round "3"]
[White "Zozulia,A"]
[Black "Choisy,M"]
[Result "1-0"]
[WhiteElo "2355"]
[BlackElo "2158"]

1.e4 c5 2.Nf3 Nc6 3.Nc3 Nf6 4.d4 cxd4 5.Nxd4 e5 6.Ndb5 d6 7.Bg5 a6 8.Na3 b5
9.Nd5 Be7 10.Bxf6 Bxf6 11.c3 Rb8 12.Nc2 Bg5 13.Be2 O-O 14.O-O Be6 15.Ncb4 Nxb4
16.cxb4 Qd7 17.Nc3 g6 18.a4 f5 19.axb5 axb5 20.Ra5 fxe4 21.Bxb5 Qc7 22.Nxe4 Rxb5
23.Rxb5 Bc4 24.Nxd6 Bxf1 25.Qd5+ Kh8 26.Rb7 Bc4 27.Nxc4 Rd8 28.Rxc7 Rxd5
29.Rc8+ Kg7 30.g3 Bf6 31.Rb8 Kf7 32.b5 Ke7 33.b6 Rb5 34.b7  1-0

[Event "Open"]
[Site "Marseille FRA"]
[Date "2006.07.03"]
[Round "5"]
[White "Onkoud,A"]
[Black "Libiszewski,F"]
[Result "1/2-1/2"]
[WhiteElo "2420"]
[BlackElo "2486"]

1.e4 c5 2.Nf3 Nc6 3.Nc3 d6 4.d4 cxd4 5.Nxd4 e5 6.Nf3 Be7 7.Bc4 Nf6 8.O-O h6
9.h3 Be6 10.Bb3 O-O 11.Qe2 Nd7 12.Rd1 Nc5 13.Bxe6 Nxe6 14.Nd5 Ncd4 15.Nxd4 Nxd4
16.Qd3 f5 17.c3 fxe4 18.Qxe4 Nf5 19.Ne3 Qc8 20.Nxf5  1/2-1/2

[Event "Pivdenny Bank Geller Mem"]
[Site "Odessa UKR"]
[Date "2006.07.03"]
[Round "6"]
[White "Ivanchuk,V"]
[Black "Lautier,J"]
[Result "1/2-1/2"]
[WhiteElo "2731"]
[BlackElo "2682"]

1.e4 c5 2.Nf3 Nc6 3.Nc3 Nf6 4.d4 cxd4 5.Nxd4 e5 6.Ndb5 d6 7.Bg5 a6 8.Na3 b5
9.Bxf6 gxf6 10.Nd5 f5 11.Bd3 Be6 12.O-O Bxd5 13.exd5 Ne7 14.c4 Bg7 15.Rb1 e4
16.Be2 bxc4 17.Nxc4 O-O 18.f4 Rb8 19.Kh1 Rb5 20.Ne3 Rxb2 21.Rxb2 Bxb2 22.Qd2 Bg7
23.Rb1 Qc7 24.Bxa6 Rb8 25.Rc1 Qa7 26.Bf1 Rb2 27.Qe1 Rxa2 28.Nc4 Qf2 29.Qxf2 Rxf2
30.Nxd6 Bb2 31.Rb1 Nxd5 32.Nxf5 Rxf4 33.g4 Rf2 34.Bc4 Nc3 35.Rf1 Rxf1+ 36.Bxf1 Ba3
37.Bc4 Bc5 38.Kg2 Kf8 39.g5 Nb1  1/2-1/2

[Event "34th World Open"]
[Site "Philadelphia USA"]
[Date "2006.07.03"]
[Round "6"]
[White "Stephan,Ax"]
[Black "Fedorowicz,J"]
[Result "0-1"]
[WhiteElo "2239"]
[BlackElo "2497"]

1.e4 c5 2.Nc3 Nc6 3.Nge2 d6 4.d4 cxd4 5.Nxd4 Nf6 6.Bg5 e6 7.Qd2 a6 8.O-O-O Bd7
9.f3 Be7 10.g4 h5 11.gxh5 Nxh5 12.Bxe7 Qxe7 13.Rg1 O-O-O 14.Nb3 Kc7 15.Be2 Bc8
16.f4 g6 17.Rg5 Kb8 18.Bxh5 Rxh5 19.Rxh5 gxh5 20.Rg1 Qf6 21.Rg5 h4 22.h3 Qh6
23.a4 f6 24.Rg2 d5 25.exd5 exd5 26.Rh2 Qg6 27.Ne2 d4 28.Nc5 Bf5 29.Nd3 Qg8
30.b3 Rc8 31.Kb2 Bxd3 32.cxd3 a5 33.f5 Ka8 34.Qf4 Nb4 35.Qxd4 Rc2+  0-1

[Event "III Open"]
[Site "Sanxenxo ESP"]
[Date "2006.07.03"]
[Round "9"]
[White "Perez,Lu"]
[Black "Hamdouchi,H"]
[Result "1/2-1/2"]
[WhiteElo "2414"]
[BlackElo "2559"]

1.e4 c5 2.Nf3 Nc6 3.Nc3 Nf6 4.Bb5 Qc7 5.O-O Nd4 6.Re1 e5 7.d3 a6 8.Bc4 d6
9.Nxd4 cxd4 10.Nd5 Nxd5 11.Bxd5 g6 12.Bg5 Bg7 13.c3 h6 14.Bd2 Be6 15.cxd4  1/2-1/2

[Event "35th TCh-GRE"]
[Site "Ermioni GRE"]
[Date "2006.07.04"]
[Round "2"]
[White "Katzourakis,P"]
[Black "Souleidis,G"]
[Result "0-1"]
[WhiteElo "2106"]
[BlackElo "2412"]

1.e4 c5 2.Nf3 Nc6 3.Nc3 Nf6 4.Bc4 Nxe4 5.Bxf7+ Kxf7 6.Nxe4 e6 7.d4 cxd4 8.O-O d5
9.Neg5+ Kg8 10.Re1 Qf6 11.Qe2 Bd7 12.Qb5 Rb8 13.Qe2 h6 14.Nh3 Bd6 15.Bd2 e5
16.c3 dxc3 17.Bxc3 d4 18.Bd2 Rf8  0-1

[Event "ch-CHN"]
[Site "Wuxi CHN"]
[Date "2006.07.04"]
[Round "9"]
[White "Zhang Zhong"]
[Black "Zhao Jun"]
[Result "1-0"]
[WhiteElo "2640"]
[BlackElo "2525"]

1.e4 c5 2.Nc3 Nc6 3.Bb5 Nd4 4.Bc4 e6 5.Nge2 Nf6 6.O-O a6 7.a4 d5 8.exd5 exd5
9.Ba2 Bd6 10.d3 Ne6 11.Ng3 Bxg3 12.fxg3 O-O 13.h3 b6 14.g4 d4 15.Ne2 Nd5
16.Ng3 Bb7 17.Bd2 Qd7 18.Nf5 Rae8 19.Rf2 f6 20.g5 Kh8 21.gxf6 Rxf6 22.Qe2 g6
23.Bxd5 Ng7 24.Ne7 Rf5 25.Rxf5 gxf5 26.Bg5  1-0

[Event "Open"]
[Site "Kavala GRE"]
[Date "2006.07.05"]
[Round "3"]
[White "Heberla,B"]
[Black "Stamenkov,V"]
[Result "1-0"]
[WhiteElo "2551"]
[BlackElo "2367"]

1.e4 c5 2.Nc3 Nc6 3.Bb5 g6 4.Bxc6 dxc6 5.d3 e5 6.f4 Nf6 7.Nf3 Bg4 8.h3 Bxf3
9.Qxf3 exf4 10.Bxf4 Bg7 11.O-O O-O 12.Bg5 Qd4+ 13.Kh1 Nd7 14.Be7 Qe5 15.Bxf8 Kxf8
16.Rae1 Qe7 17.Nd1 h5 18.Qe2 Be5 19.Ne3 Bc7 20.g4 Kg7 21.gxh5 Kh8 22.Qg2 Qe5
23.Nf5 Kh7 24.Nh4 Kg8 25.Nxg6 fxg6 26.Qxg6+ Qg7 27.Qe6+  1-0

[Event "FSGM July"]
[Site "Budapest HUN"]
[Date "2006.07.06"]
[Round "6"]
[White "Muranyi,K"]
[Black "Radziewicz,I"]
[Result "0-1"]
[WhiteElo "2400"]
[BlackElo "2425"]

1.e4 c5 2.Nc3 Nc6 3.Nge2 Nf6 4.g3 d5 5.exd5 Nd4 6.Bg2 Bg4 7.O-O Nxd5 8.f3 Bf5
9.Nxd4 cxd4 10.Nxd5 Qxd5 11.f4 Qd7 12.Qf3 Rb8 13.c4 d3 14.Qd5 e6 15.Qxd7+ Kxd7
16.h3 b5 17.g4 Bg6 18.h4 h5 19.f5 Bc5+ 20.Kh2 Bd6+ 21.Kg1 hxg4 22.fxg6 f5
23.Kf2 bxc4 24.Rh1 f4 25.b3 Bc5+ 26.Kf1 Bd4 27.Rb1 cxb3 28.axb3 f3 29.Bxf3 gxf3
30.Rh3 Rhf8 31.h5 Rb5 32.Bb2 Bb6 33.Bxg7 Rg5  0-1

[Event "ch-SWE"]
[Site "Gothenburg SWE"]
[Date "2006.07.07"]
[Round "7"]
[White "Cicak,S"]
[Black "Eriksson,Joh"]
[Result "1/2-1/2"]
[WhiteElo "2532"]
[BlackElo "2403"]

1.e4 c5 2.Nc3 Nc6 3.Bb5 Nd4 4.Nf3 Nxb5 5.Nxb5 d6 6.d4 a6 7.Nc3 cxd4 8.Qxd4 e5
9.Qd3 h6 10.Nd5 Nf6 11.Nxf6+ Qxf6 12.Nd2 Qg6 13.O-O f5 14.f3 Be6 15.Nc4 fxe4
16.fxe4 d5 17.Nxe5 Qxe4 18.Qg3 Bc5+ 19.Kh1 O-O-O 20.Nd3 Bb6 21.Re1 Qf5 22.Qxg7 Rhg8
23.Qc3+ Kb8 24.Qe5+ Qxe5 25.Rxe5 Bh3 26.Re2 Bg4 27.Re7 Bf5 28.Be3 Bc7 29.Rf1 Be4
30.Ne1 Rdf8 31.Rxf8+ Rxf8 32.Kg1 h5 33.Bd4 Kc8 34.c3 Bf4 35.b4 Bd2 36.Nf3 Bxf3
37.gxf3 Rxf3 38.Kg2 Rf5 39.a4 Bf4 40.b5 axb5 41.axb5 Bd6 42.Rh7 Bc7 43.b6 Bd8
44.Kg3 h4+ 45.Kg2 Rg5+ 46.Kh3 Rg6 47.Rh5 Bxb6 48.Rxd5 Bd8 49.c4 Ra6 50.Be5 Rc6
51.Rd4 b5 52.cxb5 Rc5 53.Bf4 Rxb5 54.Kg4 Be7 55.Rd3 Rc5 56.Bd6 Rc4+ 57.Kf5 Bxd6
58.Rxd6 h3 59.Rd3 Rh4 60.Kg6 Kc7 61.Kg5 Rh8 62.Kg4 Kc6 63.Rxh3 Rxh3 64.Kxh3 Kd7
65.Kg4  1/2-1/2

[Event "Open"]
[Site "Kavala GRE"]
[Date "2006.07.07"]
[Round "5"]
[White "Sitnikov,A"]
[Black "Banikas,H"]
[Result "1/2-1/2"]
[WhiteElo "2459"]
[BlackElo "2576"]

1.e4 c5 2.Nc3 Nc6 3.Nge2 g6 4.d4 cxd4 5.Nxd4 Bg7 6.Be3 Nf6 7.Nxc6 bxc6 8.e5 Ng8
9.f4 Nh6 10.Qd2 d5 11.O-O-O O-O 12.h3 f6 13.exf6 Bxf6 14.g4 Nf7 15.Bg2 Qa5
16.Bd4 Rb8 17.Bxf6 exf6 18.Ne4 Qxa2 19.Nxf6+ Kg7 20.Qc3 Qa1+ 21.Kd2 Qxb2
22.Ne8+ Kg8 23.Nf6+ Kg7 24.Ne8+  1/2-1/2

[Event "56th ch-RUS w Top League"]
[Site "Orel RUS"]
[Date "2006.07.07"]
[Round "9"]
[White "Lomako,A"]
[Black "Uljianova,N"]
[Result "1-0"]
[WhiteElo "2304"]
[BlackElo "1984"]

1.e4 c5 2.Nc3 Nc6 3.Bb5 g6 4.Bxc6 dxc6 5.d3 Bg7 6.Be3 b6 7.Qd2 h6 8.h3 Nf6
9.f4 Nd7 10.Nf3 e5 11.O-O-O exf4 12.Bxf4 Nf8 13.e5 Ne6 14.Bg3 O-O 15.Ne4 Nd4
16.Rhf1 Be6 17.Kb1 Qd5 18.c4 Qd7 19.Nf6+ Bxf6 20.exf6 Kh7 21.Ne5 Qc8 22.Bf4 h5
23.g4 h4 24.Qf2 Rh8 25.Qxh4+ Kg8 26.Qg5 Kf8 27.Nxg6+ fxg6 28.Qxg6 Qd7 29.Bh6+ Rxh6
30.Qxh6+ Kg8 31.g5 Nf5 32.Rxf5 Bxf5 33.g6 Bxg6 34.Qxg6+ Kf8 35.Qh6+ Kf7 36.Qg7+  1-0